000 01463cam a22002658i 4500
001 22633961
005 20260409134333.0
008 220606s2023 enk b 001 0 eng
020 _a9781108448901 (pbk)
082 _a954.02 ASH
100 1 _aAsher, Catherine B.
245 1 0 _aIndia before Europe /
_cCatherine B. Asher and Cynthia Talbot
250 _a2nd ed.
264 1 _aNew York :
_bCambridge University Press,
_c2023.
300 _axxvii, 395 p. ;
_c22 cm.
365 _bRs. 3810.00
505 0 _aList of illustrations page -- List of maps -- Preface to First edition -- Preface to Second edition -- Glossary -- Place names: alternative spellings -- Introduction: situating India -- The expansion of Turkic power, 1180-1350 -- Southern India in the age of Vijayanagara, 1350-1550 -- North India between empires: history, society, and culture, 1350-1550 -- Sixteenth-century north India: empire reformulated -- Expanding political and economic spheres, 1550-1650 -- Elite cultures in seventeenth-century South Asia -- Challenging central authority, 1650-1750 -- Changing socio-economic formations, 1650-1750 -- Epilogue -- Biographical notes -- Bibliography -- Index.
650 7 _aHISTORY / Asia / South / General
_2bisacsh
651 0 _aIndia
_xHistory
_y1000-1765.
651 0 _aSouth Asia
_xHistory.
651 0 _aIndia
_xCivilization
_y1200-1765.
651 0 _aSouth Asia
_xCivilization.
700 1 _aTalbot, Cynthia
942 _2ddc
_cBK
999 _c214186
_d214186